000 00487nam a2200181Ia 4500
001 3053
005 20260306144852.0
008 260306t1986||||xx |||||||||||||| ||spa||
041 _aESP
082 _a248
_bC76
100 _aCongreso Internacional sobre la Reconciliación en el Pensamiento de Juan Pablo II
_eAUT
245 0 _aEl desafio de la reconciliación
260 _c1986
300 _a161 páginas :
_c20 cm.
650 _aGEN
654 _aCHU
942 _cLIB
_dJUS
_fJUS
_2ddc
_n
999 _c3053
_d3053